| 000 | 01162cad a22002415a 4500 | ||
|---|---|---|---|
| 001 | L147754 | ||
| 008 | 090615s2009 xxkd f 000 0 eng d | ||
| 035 | _a(Sirsi) u147754 | ||
| 041 | 0 | _aeng | |
| 050 | 0 | 4 | _a333.33 $2 18 |
| 110 | 2 |
_aSavills _92020 |
|
| 245 | 0 | 0 |
_aSpotlight on the... prime rental market _h[electronic resource] |
| 260 |
_aLondon _bSavills _c2009 |
||
| 490 | 0 | _aSavills UK Residential Research Report | |
| 520 | _aPresents an overview of the prime rental market. Reports an increase of 128% in properties to rent due to mortgage restrictions from April 2008 to March 2009. Finds that many properties advertised for renting are now returning to the sales market. Suggests that this trend will contribute to a stabilisation of the rental market in 2010. Forecasts rental growths in 2011. | ||
| 521 | _aAdvanced | ||
| 590 | _aKA NTK | ||
| 650 | 2 | 4 | _aSAVILLS UK RESIDENTIAL RESEARCH REPORT |
| 651 | 4 |
_aUnited Kingdom _y |
|
| 690 | _aPROPERTY-RESIDENTIAL PROPERTY-RESIDENTIAL PROPERTY MARKET | ||
| 856 | 4 | 0 |
_uhttps://www.savills.co.uk/research/Report.aspx?nodeID=10570# _zView the report free of charge at www.savills.co.uk... |
| 942 | _n0 | ||
| 999 |
_c109713 _d109713 |
||